000 00428nam a2200169Ia 4500
008 140221t2010 xxu||||| |||| 00| 0 eng d
041 _aeng
080 _a8-31
_bMEN
100 _aMendis,Chandana
245 _aAll That Glitters
260 _aChandana Mendis Publications
_aKotte
_c2010
300 _b304p, 22 cm
700 _aFernando,Vijita
_etr.
942 _cBK
999 _c42125
_d42125
003 LK-CoDNM
040 _aLK-CoDNM
_dLK-CoDNM
_eLK-CoDNM